Lanean...

Theory and problems of complex variables

Xehetasun bibliografikoak
Egile nagusia: Spiegel, Murray R
Formatua: Printed Book
Argitaratua: McGraw-Hill Book Co., Singapore 1981
Saila:Schaum's outline series
Gaiak:
LEADER 00604nam a2200193 4500
020
082 |a 515.9 SPI-T 
100 |a Spiegel, Murray R 
245 |a Theory and problems of complex variables 
250
260 |a McGraw-Hill Book Co., Singapore  |c 1981 
300 |a 315 
490 |a Schaum's outline series 
500
590 |a rvr 
650 |a Functions of complex variables; Analysis; Mathematics 
942 |c BK 
999 |c 81464  |d 81464 
952 |0 0  |1 0  |4 0  |6 515_900000000000000_SPIT  |7 0  |9 94932  |a PHY  |b PHY  |d 2020-10-19  |l 1  |o 515.9 SPI-T  |p PHY03145  |q 2020-11-18  |r 2020-10-19  |s 2020-10-19  |w 2019-09-24  |y BK